Old house care and repair (Record no. 101995)

MARC details
000 -LEADER
fixed length control field 01244cam a2200277 4500
008 - FIXED-LENGTH DATA ELEMENTS--GENERAL INFORMATION
fixed length control field 020415n2002 000 0 eng u
020 ## - INTERNATIONAL STANDARD BOOK NUMBER
International Standard Book Number 1873394616
020 ## - INTERNATIONAL STANDARD BOOK NUMBER
International Standard Book Number 1873394705
035 ## - SYSTEM CONTROL NUMBER
System control number (Sirsi) u117479
050 ## - LIBRARY OF CONGRESS CALL NUMBER
Classification number 690.8370288
100 ## - MAIN ENTRY--PERSONAL NAME
Personal name Collings, J.
245 ## - TITLE STATEMENT
Title Old house care and repair
260 ## - PUBLICATION, DISTRIBUTION, ETC.
Place of publication, distribution, etc. Donhead St Mary
Name of publisher, distributor, etc. Donhead
Date of publication, distribution, etc. 2002
300 ## - PHYSICAL DESCRIPTION
Extent vi,200p.
Other physical details ill.
Dimensions 25cm.
350 ## - PRICE (NR) (BK AM CF MU VM SE) [OBSOLETE]
Price 25
520 ## - SUMMARY, ETC.
Summary, etc. Written by a conservation architect and designed to help the owners, builders and construction professionals conserve and repair old houses this book considers: why older properties need special treatment; the legal responsibilities of ownership; selecting contractors and consultants; grants and VAT; possible reasons for decay; alterations and extensions; preventative measures; and wildlife; historic interiors; outbuildings, fences and walls; and gardens and landscaping.
520 ## - SUMMARY, ETC.
Summary, etc. ISBN 1873394705 is paperback edition.
650 ## - SUBJECT ADDED ENTRY--TOPICAL TERM
Topical term or geographic name entry element ALTERATIONS
650 ## - SUBJECT ADDED ENTRY--TOPICAL TERM
Topical term or geographic name entry element EXTENSIONS
650 ## - SUBJECT ADDED ENTRY--TOPICAL TERM
Topical term or geographic name entry element HISTORIC BUILDINGS
650 ## - SUBJECT ADDED ENTRY--TOPICAL TERM
Topical term or geographic name entry element HOUSES
650 ## - SUBJECT ADDED ENTRY--TOPICAL TERM
Topical term or geographic name entry element LISTED BUILDINGS
650 ## - SUBJECT ADDED ENTRY--TOPICAL TERM
Topical term or geographic name entry element REPAIRS AND MAINTENANCE
690 ## - LOCAL SUBJECT ADDED ENTRY--TOPICAL TERM (OCLC, RLIN)
Topical term or geographic name as entry element BUILT ENVIRONMENT-BUILDING MAINTENANCE AND REFURBISHMENT-BUILDING CONSERVATION
942 ## - ADDED ENTRY ELEMENTS (KOHA)
Suppress in OPAC 0
Holdings
Withdrawn status Lost status Source of classification or shelving scheme Damaged status Not for loan Home library Current library Shelving location Date acquired Cost, normal purchase price Total Checkouts Full call number Barcode Date last seen Date last checked out Copy number Cost, replacement price Price effective from Koha item type
    Dewey Decimal Classification     London London Books 09/10/2002 21.25 14 690.8370288 COL 30066779 06/08/2019 02/08/2007 1 21.25 06/08/2019 Book